| 000 | 00384cam a2200169ua 4500 | ||
|---|---|---|---|
| 001 | 9215 | ||
| 008 | 160227n II |||gr||||Z||||||eng | ||
| 040 | _aMAIN | ||
| 041 | _aEnglish | ||
| 082 | _a585 BIS | ||
| 100 | _aBISWAS , S.B . | ||
| 245 | _aAN INTRODUCTION TO VIRUS | ||
| 300 | _c20.00. | ||
| 653 | _aGymnosperms conifers | ||
| 700 |
_aBISWAS , S.B ., _eAuthor. |
||
| 942 | _cBK | ||
| 999 |
_c9191 _d9191 |
||